000
00228nam a22000977a 4500
999
_c
16204
_d
16204
003
OSt
008
200623b ||||| |||| 00| 0 eng d
100
_a
Ouseph C C.
_9
4624
245
_a
Pre-university physics (Practical)
942
_c
BK